[Event "TE.2005.S.02005"]
[Site "IECG"]
[Date "2007.12.08"]
[Round "1"]
[White "Jordaan, Wayne"]
[Black "Gomez Galan Arense, Joaquin"]
[Result "1-0"]
[WhiteElo "1713"]
[BlackElo "1898"]
[PlyCount "29"]
[EventDate "2007.12.08"]
[EventType "tourn (corr)"]
[SourceTitle "OM Corr 202003"]
[Source "Opening Master"]
[SourceDate "2019.05.30"]
[SourceVersion "2"]
[SourceVersionDate "2019.05.30"]
[SourceQuality "1"]

1. e4 e5 2. Nf3 Nc6 3. c3 d5 4. Bb5 dxe4 5. Nxe5 Qd5 6. Qa4 Nge7 7. Nxc6 Nxc6
8. c4 Qe6 9. O-O Bc5 10. Bxc6+ Qxc6 11. Qxc6+ bxc6 12. Nc3 f5 13. b3 Bd4 14.
Ba3 Be6 15. Rad1 1-0

[Event "TE.2005.S.02003"]
[Site "IECG"]
[Date "2007.12.08"]
[Round "1"]
[White "Plant, Kevin"]
[Black "Bukharin, Alexey"]
[Result "1-0"]
[WhiteElo "1939"]
[BlackElo "1827"]
[PlyCount "41"]
[EventDate "2007.??.??"]
[SourceTitle "OM Corr 202003"]
[Source "Opening Master"]
[SourceDate "2019.05.30"]
[SourceVersion "2"]
[SourceVersionDate "2019.05.30"]
[SourceQuality "1"]

1. e4 e5 2. Nf3 Nc6 3. c3 Nf6 4. d4 Nxe4 5. d5 Nb8 6. Nxe5 Bd6 7. Nc4 Bc5 8.
Be3 Bxe3 9. Nxe3 O-O 10. Bd3 Re8 11. O-O d6 12. Nd2 Nxd2 13. Qxd2 Nd7 14. Rae1
Nc5 15. Bc2 Bd7 16. Qd4 Qf6 17. Qxf6 gxf6 18. f3 a5 19. Kf2 Ne4+ 20. Bxe4 Rxe4
21. fxe4 1-0

[Event "TE.2005.S.02001"]
[Site "IECG"]
[Date "2007.12.08"]
[Round "1"]
[White "Pedro, Fernando Pablo"]
[Black "Candelario, Jose"]
[Result "1-0"]
[WhiteElo "1963"]
[BlackElo "1360"]
[PlyCount "67"]
[EventDate "2007.??.??"]

1. e4 e5 2. Nf3 Nc6 3. c3 d5 4. Qa4 Bd7 5. exd5 Nd4 6. Qd1 Nxf3+ 7. Qxf3 Nf6 8.
Bc4 e4 9. Qe2 Bd6 10. d4 O-O 11. Bg5 h6 12. Bh4 b5 13. Bb3 a5 14. O-O a4 15.
Bc2 Re8 16. f3 e3 17. Na3 g5 18. Bg3 Bxg3 19. hxg3 Rb8 20. Rae1 b4 21. Nc4 bxc3
22. bxc3 Bb5 23. f4 Nxd5 24. Qd3 Kf8 25. Qh7 Bxc4 26. fxg5 Ke7 27. Bxa4 Kd6 28.
Rxf7 c6 29. Bb3 Bxb3 30. axb3 Re6 31. c4 Ne7 32. c5+ Kc7 33. gxh6 e2 34. Qg7
1-0

[Event "TE.2005.S.02002"]
[Site "IECG"]
[Date "2007.12.08"]
[Round "1"]
[White "Pott, Brian"]
[Black "Ottenweller, Wolfgang"]
[Result "1-0"]
[WhiteElo "1941"]
[BlackElo "1768"]
[PlyCount "95"]
[EventDate "2007.12.08"]
[EventType "tourn (corr)"]
[SourceTitle "OM Corr 202003"]
[Source "Opening Master"]
[SourceDate "2019.05.30"]
[SourceVersion "2"]
[SourceVersionDate "2019.05.30"]
[SourceQuality "1"]

1. e4 e5 2. Nf3 Nc6 3. c3 Nf6 4. d3 d5 5. Nbd2 Bg4 6. Be2 Be7 7. O-O O-O 8.
exd5 Qxd5 9. Nc4 Bxf3 10. Bxf3 e4 11. Be2 Rad8 12. d4 Rfe8 13. Ne3 Qd7 14. f3
exf3 15. Bxf3 Nb8 16. Bxb7 c5 17. Bf3 cxd4 18. cxd4 Qxd4 19. Qxd4 Rxd4 20. Nf5
Rc4 21. Nxe7+ Rxe7 22. b3 Rc2 23. Ba3 Rec7 24. Bd6 Rc8 25. Bb7 Rd8 26. Rfc1 Re2
27. Bc5 a6 28. Re1 Rxe1+ 29. Rxe1 h6 30. Be7 Re8 31. b4 Nfd7 32. Kf1 f5 33.
Bd5+ Kh7 34. h4 g6 35. g3 Kg7 36. a4 Kh7 37. Bf7 Rc8 38. Re6 Kg7 39. Bxg6 Nf8
40. Bxf8+ Rxf8 41. h5 f4 42. g4 Rf6 43. Re7+ Kg8 44. Re8+ Rf8 45. Re6 Kg7 46.
Rb6 Rd8 47. Bf5 Rh8 48. Ke2 1-0

[Event "TE.2005.S.02002"]
[Site "IECG"]
[Date "2007.12.08"]
[Round "1"]
[White "Ottenweller, Wolfgang"]
[Black "Hlavacek, Ladislav"]
[Result "0-1"]
[WhiteElo "1768"]
[BlackElo "1816"]
[PlyCount "58"]
[EventDate "2007.12.08"]
[EventType "tourn (corr)"]
[SourceTitle "OM Corr 202003"]
[Source "Opening Master"]
[SourceDate "2019.05.30"]
[SourceVersion "2"]
[SourceVersionDate "2019.05.30"]
[SourceQuality "1"]

1. e4 e5 2. Nf3 Nc6 3. c3 Nf6 4. d4 exd4 5. e5 Nd5 6. cxd4 d6 7. Bb5 Be7 8. Qb3
Be6 9. Nc3 dxe5 10. Nxe5 Qd6 11. Qa4 O-O 12. Nxc6 bxc6 13. Bxc6 Rab8 14. Nxd5
Bxd5 15. Bxd5 Qxd5 16. O-O Bd6 17. a3 Rfe8 18. Bd2 Re2 19. Bc3 Qe4 20. Qa5 Rb6
21. Qxa7 h5 22. d5 Bxh2+ 23. Kxh2 Rg6 24. g3 h4 25. Qxc7 hxg3+ 26. Qxg3 Rh6+
27. Qh3 Rxh3+ 28. Kxh3 Qf3+ 29. Kh2 Re4 0-1

[Event "TE.2005.S.02002"]
[Site "IECG"]
[Date "2007.12.08"]
[Round "1"]
[White "Pott, Brian"]
[Black "Hlavacek, Ladislav"]
[Result "1/2-1/2"]
[WhiteElo "1941"]
[BlackElo "1816"]
[PlyCount "66"]
[EventDate "2007.12.08"]
[EventType "tourn (corr)"]
[SourceTitle "OM Corr 202003"]
[Source "Opening Master"]
[SourceDate "2019.05.30"]
[SourceVersion "2"]
[SourceVersionDate "2019.05.30"]
[SourceQuality "1"]

1. e4 e5 2. Nf3 Nc6 3. c3 Nf6 4. d4 exd4 5. e5 Nd5 6. cxd4 d6 7. Bb5 Be7 8. Nc3
Be6 9. O-O O-O 10. Re1 Re8 11. a3 Qd7 12. Bg5 a6 13. Ba4 Nxc3 14. bxc3 b5 15.
Bc2 dxe5 16. Bxe7 Rxe7 17. Nxe5 Nxe5 18. Rxe5 Rae8 19. a4 f6 20. Rxe6 Rxe6 21.
Bb3 bxa4 22. Bxe6+ Qxe6 23. h3 Qb3 24. Qh5 Re6 25. Qc5 Qb2 26. Rf1 Qb5 27. Qxc7
a3 28. c4 Qb4 29. Qc5 Qxc5 30. dxc5 a5 31. Ra1 Rc6 32. Rxa3 Rxc5 33. Kf1 Kf7
1/2-1/2

[Event "TE.2005.S.02005"]
[Site "IECG"]
[Date "2007.12.08"]
[Round "1"]
[White "Gonzalez, Alejandro Raul"]
[Black "Gomez-Galan Arense, Joaquin"]
[Result "1-0"]
[WhiteElo "1888"]
[BlackElo "1898"]
[PlyCount "20"]
[EventDate "2007.12.08"]
[EventType "tourn (corr)"]

1. e4 e5 2. Nf3 Nc6 3. c3 Nf6 4. d4 Nxe4 5. d5 Ne7 6. Nxe5 Ng6 7. Nxg6 hxg6 8.
Qd4 Nf6 9. Be2 Be7 10. Be3 d6 1-0

[Event "TE.2005.S.02003"]
[Site "IECG"]
[Date "2007.12.08"]
[Round "1"]
[White "Rheinstaedtler, Klaus"]
[Black "Bukharin, Alexey"]
[Result "1-0"]
[WhiteElo "2137"]
[BlackElo "1827"]
[PlyCount "65"]
[EventDate "2007.??.??"]

1. e4 e5 2. Nf3 Nc6 3. c3 Nf6 4. d4 Nxe4 5. d5 Ne7 6. Nxe5 Ng6 7. Nxg6 hxg6 8.
Qd4 Qe7 9. Be2 c5 10. Qe3 Nf6 11. c4 b5 12. Nc3 Qxe3 13. Bxe3 bxc4 14. Bxc4 Bb7
15. O-O-O O-O-O 16. d6 Bxg2 17. Rhg1 Rxh2 18. Bxf7 Bf3 19. Rd2 Ng4 20. Bxc5 Ne5
21. Bd5 Re8 22. Kb1 Bxd5 23. Rxd5 Rh5 24. Re1 Kd8 25. Bxa7 Nc4 26. Rxe8+ Kxe8
27. a4 Rxd5 28. Nxd5 Bxd6 29. b4 Kf7 30. b5 Ke6 31. Ne3 Na5 32. Bd4 Be5 33. Bb6
1-0

[Event "TE.2005.S.02003"]
[Site "IECG"]
[Date "2007.12.08"]
[Round "1"]
[White "Plant, Kevin"]
[Black "Rheinstaedtler, Klaus"]
[Result "1/2-1/2"]
[WhiteElo "1939"]
[BlackElo "2137"]
[PlyCount "48"]
[EventDate "2007.??.??"]

1. e4 e5 2. Nf3 Nc6 3. c3 d5 4. Qa4 Nf6 5. Nxe5 Bd6 6. Nxc6 bxc6 7. d3 O-O 8.
Be2 Re8 9. Nd2 Bd7 10. O-O c5 11. Qc2 c4 12. dxc4 dxe4 13. Nb3 c5 14. Bg5 Qc7
15. Bxf6 gxf6 16. Rad1 Bxh2+ 17. Kh1 Bf4 18. Nxc5 Qxc5 19. Rxd7 Qg5 20. g3 Qf5
21. Rfd1 Qh3+ 22. Kg1 Bxg3 23. fxg3 Qxg3+ 24. Kh1 Qh4+ 1/2-1/2

[Event "TE.2005.S.02001"]
[Site "IECG"]
[Date "2007.12.08"]
[Round "1"]
[White "Candelario, Jose"]
[Black "Wheeler, James"]
[Result "0-1"]
[WhiteElo "1360"]
[BlackElo "1988"]
[PlyCount "51"]
[EventDate "2007.??.??"]
[SourceTitle "OM Corr 202003"]
[Source "Opening Master"]
[SourceDate "2019.05.30"]
[SourceVersion "2"]
[SourceVersionDate "2019.05.30"]
[SourceQuality "1"]

1. e4 e5 2. Nf3 Nc6 3. c3 d5 4. Bb5 dxe4 5. Nxe5 Qg5 6. Bxc6+ bxc6 7. Qa4 Qxg2
8. Qxc6+ Kd8 9. Rf1 Bh3 10. Qxa8+ Ke7 11. Kd1 Qxf1+ 12. Kc2 Bf5 13. Nc6+ Kf6
14. Qd8+ Be7 15. Qd4+ Kg6 16. Ne5+ Kh5 17. d3 exd3+ 18. Nxd3 Qe2+ 19. Nd2 Nf6
20. Qe3 Qxe3 21. fxe3 Rd8 22. e4 Nxe4 23. Nxe4 Bxe4 24. Bf4 Rxd3 25. Re1 f5 26.
Kb3 0-1

[Event "TE.2005.S.02003"]
[Site "IECG"]
[Date "2007.12.08"]
[Round "1"]
[White "Bukharin, Alexey"]
[Black "Rheinstaedtler, Klaus"]
[Result "0-1"]
[WhiteElo "1827"]
[BlackElo "2137"]
[PlyCount "78"]
[EventDate "2007.??.??"]

1. e4 e5 2. Nf3 Nc6 3. c3 d5 4. Qa4 Nf6 5. Bb5 Bd7 6. exd5 Nxd5 7. Qb3 Nf4 8.
O-O Qf6 9. d4 Nxg2 10. Kxg2 Bh3+ 11. Kg3 Bxf1 12. Bxf1 Qg6+ 13. Ng5 Be7 14. h4
Bxg5 15. hxg5 O-O-O 16. d5 Ne7 17. Qa4 Kb8 18. Qg4 Nxd5 19. Na3 h6 20. gxh6 Qh7
21. Bh3 gxh6 22. Qe2 Rhg8+ 23. Kh2 Qg6 24. Bd2 f6 25. Rd1 Ne7 26. Nc4 Nf5 27.
Qe4 Qh5 28. Na5 Nd6 29. Qa4 Nc8 30. Qe4 c6 31. Qh7 Nd6 32. Rf1 Nf7 33. Qc2 Rd5
34. c4 Rd4 35. Qb3 Nd8 36. Be3 Rh4 37. Bc5 e4 38. Bd6+ Ka8 39. c5 Rgg4 0-1

[Event "TE.2005.S.02003"]
[Site "IECG"]
[Date "2007.12.08"]
[Round "1"]
[White "Rheinstaedtler, Klaus"]
[Black "Malmstroem, Jan"]
[Result "1-0"]
[WhiteElo "2137"]
[BlackElo "1849"]
[PlyCount "79"]
[EventDate "2007.??.??"]

1. e4 e5 2. Nf3 Nc6 3. c3 Nf6 4. d4 Nxe4 5. d5 Nb8 6. Nxe5 Bd6 7. Nc4 Bc5 8.
Be3 Bxe3 9. Nxe3 O-O 10. Bd3 Re8 11. Bxe4 Rxe4 12. Nd2 Re8 13. d6 Re6 14. dxc7
Qxc7 15. O-O d6 16. Nd5 Qd8 17. Nc4 Bd7 18. Re1 Nc6 19. Qd2 Ne5 20. Nxe5 dxe5
21. c4 Rc8 22. b3 b5 23. Rad1 Bc6 24. c5 e4 25. b4 h6 26. Nf4 Qxd2 27. Rxd2 Re5
28. Red1 Kf8 29. Nd5 Bxd5 30. Rxd5 Rxd5 31. Rxd5 Rc6 32. Kf1 Ke7 33. Re5+ Re6
34. Rxe6+ Kxe6 35. g4 Ke5 36. Ke2 g5 37. h4 gxh4 38. a3 f5 39. gxf5 Kxf5 40.
Kf1 1-0

[Event "TE.2005.S.02001"]
[Site "IECG"]
[Date "2007.12.08"]
[Round "1"]
[White "Candelario, Jose"]
[Black "Reede, Arvo"]
[Result "1/2-1/2"]
[WhiteElo "1360"]
[BlackElo "1087"]
[PlyCount "96"]
[EventDate "2007.??.??"]

1. e4 e5 2. Nf3 Nc6 3. c3 d5 4. Bb5 dxe4 5. Nxe5 Qd5 6. Bxc6+ bxc6 7. d4 exd3
8. O-O Bc5 9. Re1 Be6 10. c4 Qd4 11. Qf3 Ne7 12. Nxd3 Rd8 13. Nxc5 Qxc5 14. b3
O-O 15. Nc3 Rfe8 16. Bf4 Qa5 17. h3 Ng6 18. Bg3 h6 19. Re3 Ne7 20. Re5 Qa3 21.
Rae1 Rd7 22. Na4 Ng6 23. Ra5 Rd2 24. Bxc7 Qe7 25. Bg3 Rxa2 26. Qxc6 Rd8 27. Qe4
Qb4 28. Rb5 Qd2 29. Rf1 Rd4 30. Qe1 Qxe1 31. Rxe1 Bxc4 32. bxc4 Rxa4 33. c5
Rdc4 34. Bd6 Ra2 35. Rb7 f6 36. Re8+ Kh7 37. Ra8 Rc1+ 38. Kh2 Ne5 39. Raxa7
Rxa7 40. Rxa7 Nc6 41. Rc7 Nd4 42. g4 Rc2 43. Kg3 h5 44. gxh5 Kh6 45. Kg2 Nf5
46. Bf8 Kxh5 47. Bxg7 Nxg7 48. Rxg7 Rxc5 1/2-1/2

[Event "TE.2005.S.02003"]
[Site "IECG"]
[Date "2007.12.08"]
[Round "1"]
[White "Malmstroem, Jan"]
[Black "Rheinstaedtler, Klaus"]
[Result "1/2-1/2"]
[WhiteElo "1849"]
[BlackElo "2137"]
[PlyCount "99"]
[EventDate "2007.??.??"]

1. e4 e5 2. Nf3 Nc6 3. c3 d5 4. Qa4 Nf6 5. Nxe5 Bd6 6. Nxc6 bxc6 7. d3 O-O 8.
Be2 Re8 9. O-O dxe4 10. d4 c5 11. Bg5 Bd7 12. Qc2 cxd4 13. cxd4 h6 14. Bh4 g5
15. Bg3 Bxg3 16. hxg3 Bg4 17. Bb5 Re6 18. Qc5 Rd6 19. Nc3 Rxd4 20. f3 exf3 21.
gxf3 Bh3 22. Rfd1 Rd2 23. Be2 Qd6 24. Qxd6 Rxd6 25. Rxd6 cxd6 26. Rd1 Rd8 27.
g4 h5 28. Nd5 Nxd5 29. Rxd5 hxg4 30. Rxg5+ Kf8 31. fxg4 Rb8 32. b3 Rb4 33. Kf2
f6 34. Rd5 Bxg4 35. Bxg4 Rxg4 36. Rxd6 a5 37. Rxf6+ Ke7 38. Ra6 Rg5 39. Ke3 Kd7
40. Kd4 Kc7 41. Kc4 Kb7 42. Rd6 Rg2 43. a4 Rg4+ 44. Rd4 Rg5 45. Rd5 Rg4+ 46.
Kb5 Rb4+ 47. Kxa5 Rxb3 48. Rg5 Ka7 49. Rg7+ Rb7 50. Rg8 1/2-1/2

[Event "TE.2005.S.02003"]
[Site "IECG"]
[Date "2007.12.08"]
[Round "1"]
[White "Rheinstaedtler, Klaus"]
[Black "Plant, Kevin"]
[Result "1/2-1/2"]
[WhiteElo "2137"]
[BlackElo "1939"]
[PlyCount "51"]
[EventDate "2007.??.??"]

1. e4 e5 2. Nf3 Nc6 3. c3 Nf6 4. d4 d6 5. Bd3 Be7 6. d5 Nb8 7. c4 O-O 8. Nc3
Nbd7 9. h3 Nc5 10. Bc2 c6 11. b4 Ncd7 12. Be3 Qc7 13. O-O cxd5 14. Nxd5 Nxd5
15. cxd5 Qc3 16. Qd2 Qxd2 17. Nxd2 Nf6 18. a4 Nh5 19. a5 Nf4 20. Bxf4 exf4 21.
Ba4 f5 22. Rfe1 fxe4 23. Rxe4 Bg5 24. Nf3 Bf6 25. Rc1 g5 26. Rec4 1/2-1/2

[Event "TE.2005.S.02001"]
[Site "IECG"]
[Date "2007.12.08"]
[Round "1"]
[White "Reede, Arvo"]
[Black "Bertel, Michael"]
[Result "1-0"]
[WhiteElo "1087"]
[BlackElo "1808"]
[PlyCount "119"]
[EventDate "2007.??.??"]

1. e4 e5 2. Nf3 Nc6 3. c3 d5 4. Qa4 Bd7 5. exd5 Nd4 6. Qd1 Nxf3+ 7. Qxf3 Qf6 8.
Be2 O-O-O 9. d3 Qxf3 10. Bxf3 Nf6 11. Be4 Nxe4 12. dxe4 Bb5 13. f3 f5 14. Bg5
Rd6 15. exf5 Rxd5 16. Nd2 Bd7 17. g4 h6 18. Be3 h5 19. h4 hxg4 20. fxg4 Bc6 21.
Rh3 Be7 22. h5 Rhd8 23. Nf3 Rb5 24. b3 Rd3 25. Ke2 Rxc3 26. Rc1 Rxc1 27. Bxc1
Rc5 28. Be3 Rc2+ 29. Kd3 Bxf3 30. Kxc2 Bxg4 31. Rg3 Bxf5+ 32. Kd1 Bf6 33. Bg5
Kd7 34. Bxf6 gxf6 35. Rg7+ Kd6 36. h6 a5 37. h7 Bxh7 38. Rxh7 f5 39. Rf7 f4 40.
Ke2 b5 41. Kd3 c5 42. Rf8 Kd5 43. Rd8+ Kc6 44. Ke4 Kc7 45. Rf8 c4 46. bxc4 bxc4
47. Kxe5 Kc6 48. Kd4 Kb5 49. Rxf4 Kc6 50. Kxc4 Kd6 51. Re4 a4 52. a3 Kc6 53.
Re6+ Kd7 54. Kd5 Kc7 55. Rd6 Kb7 56. Rd7+ Kc8 57. Kc6 Kb8 58. Rd8+ Ka7 59. Re8
Ka6 60. Ra8# 1-0

[Event "TE.2005.S.02002"]
[Site "IECG"]
[Date "2007.12.08"]
[Round "1"]
[White "Abbey, William"]
[Black "Speisser, Patrick"]
[Result "1-0"]
[WhiteElo "1571"]
[BlackElo "2083"]
[PlyCount "47"]
[EventDate "2007.12.08"]
[EventType "tourn (corr)"]
[SourceTitle "OM Corr 202003"]
[Source "Opening Master"]
[SourceDate "2019.05.30"]
[SourceVersion "2"]
[SourceVersionDate "2019.05.30"]
[SourceQuality "1"]

1. e4 e5 2. Nf3 Nc6 3. c3 d5 4. Bb5 dxe4 5. Nxe5 Qd5 6. Qa4 Nge7 7. f4 exf3 8.
Nxf3 Bd7 9. O-O O-O-O 10. d4 a6 11. Be2 Re8 12. Qb3 Na5 13. Qd1 Nf5 14. b4 Nc4
15. Bxc4 Qxc4 16. Ne5 Qd5 17. Qb3 Qxb3 18. axb3 Nd6 19. c4 f6 20. Nxd7 Kxd7 21.
Nc3 Ne4 22. Nd5 Be7 23. Be3 Rhf8 24. b5 1-0

[Event "TE.2005.S.02002"]
[Site "IECG"]
[Date "2007.12.08"]
[Round "1"]
[White "Abbey, William"]
[Black "Pott, Brian"]
[Result "1-0"]
[WhiteElo "1571"]
[BlackElo "1941"]
[PlyCount "65"]
[EventDate "2007.12.08"]
[EventType "tourn (corr)"]
[SourceTitle "OM Corr 202003"]
[Source "Opening Master"]
[SourceDate "2019.05.30"]
[SourceVersion "2"]
[SourceVersionDate "2019.05.30"]
[SourceQuality "1"]

1. e4 e5 2. Nf3 Nc6 3. c3 Nf6 4. d4 d6 5. Bd3 g6 6. h3 Bg7 7. O-O O-O 8. Re1 h6
9. Be3 Nh5 10. Na3 a6 11. Nc2 f5 12. exf5 Bxf5 13. Bxf5 gxf5 14. d5 Ne7 15.
Nxe5 f4 16. Nd3 fxe3 17. Qxh5 Qe8 18. Qxe8 exf2+ 19. Nxf2 Raxe8 20. Rad1 Ng6
21. Nd3 h5 22. Rxe8 Rxe8 23. Re1 Rxe1+ 24. Ncxe1 h4 25. Kf2 Ne7 26. Nf4 a5 27.
Kf3 a4 28. Ke4 a3 29. bxa3 Bxc3 30. Nf3 Bf6 31. Nh5 Kf7 32. Nxf6 Kxf6 33. Nxh4
1-0

[Event "TE.2005.S.02003"]
[Site "IECG"]
[Date "2007.12.08"]
[Round "1"]
[White "Plant, Kevin"]
[Black "Balmelle, Jean Luc"]
[Result "1-0"]
[WhiteElo "1939"]
[BlackElo "1650"]
[PlyCount "53"]
[EventDate "2007.??.??"]
[SourceTitle "OM Corr 202003"]
[Source "Opening Master"]
[SourceDate "2019.05.30"]
[SourceVersion "2"]
[SourceVersionDate "2019.05.30"]
[SourceQuality "1"]

1. e4 e5 2. Nf3 Nc6 3. c3 Nge7 4. d4 exd4 5. cxd4 d5 6. Nc3 Bg4 7. h3 Bxf3 8.
gxf3 dxe4 9. d5 Ne5 10. fxe4 c6 11. Be3 Qa5 12. f4 Nd7 13. d6 Nc8 14. e5 Ncb6
15. Qd2 O-O-O 16. a3 Nxe5 17. fxe5 Qxe5 18. O-O-O Bxd6 19. Bd4 Qf4 20. Bxg7
Qxd2+ 21. Rxd2 Rhg8 22. Rg2 Bf4+ 23. Kc2 Nd5 24. Nxd5 Rxd5 25. Bc3 Rgd8 26. Bc4
R5d7 27. Rf1 1-0

[Event "TE.2005.S.02003"]
[Site "IECG"]
[Date "2007.12.08"]
[Round "1"]
[White "Balmelle, Jean Luc"]
[Black "Plant, Kevin"]
[Result "0-1"]
[WhiteElo "1650"]
[BlackElo "1939"]
[PlyCount "69"]
[EventDate "2007.??.??"]
[SourceTitle "OM Corr 202003"]
[Source "Opening Master"]
[SourceDate "2019.05.30"]
[SourceVersion "2"]
[SourceVersionDate "2019.05.30"]
[SourceQuality "1"]

1. e4 e5 2. Nf3 Nc6 3. c3 d5 4. Qa4 f6 5. Bb5 Be6 6. Bxc6+ bxc6 7. Qxc6+ Kf7 8.
d4 Ne7 9. Qa4 dxe4 10. Nfd2 exd4 11. Nxe4 d3 12. O-O Qd7 13. Qxd7 Bxd7 14. Nbd2
Re8 15. Nc5 Bf5 16. Na6 Nd5 17. Nf3 Bc8 18. Nb4 Bxb4 19. cxb4 Nxb4 20. Bd2 c5
21. Bxb4 cxb4 22. Rac1 Re2 23. Rc7+ Kg6 24. Rxa7 Rxb2 25. Rd1 Bg4 26. Kf1 Rc8
27. Nh4+ Kh5 28. f3 Kxh4 29. fxg4 Rcc2 30. Rxg7 Rf2+ 31. Kg1 Rxg2+ 32. Kh1
Rxh2+ 33. Kg1 Rbd2 34. Rb1 Rdg2+ 35. Kf1 0-1

[Event "TE.2005.S.02002"]
[Site "IECG"]
[Date "2007.12.08"]
[Round "1"]
[White "Hlavacek, Ladislav"]
[Black "Abbey, William"]
[Result "0-1"]
[WhiteElo "1816"]
[BlackElo "1571"]
[PlyCount "52"]
[EventDate "2007.12.08"]
[EventType "tourn (corr)"]
[SourceTitle "OM Corr 202003"]
[Source "Opening Master"]
[SourceDate "2019.05.30"]
[SourceVersion "2"]
[SourceVersionDate "2019.05.30"]
[SourceQuality "1"]

1. e4 e5 2. Nf3 Nc6 3. c3 Nf6 4. d4 d5 5. Bb5 exd4 6. e5 Ne4 7. Nxd4 Bd7 8. O-O
Nxe5 9. Bxd7+ Nxd7 10. Re1 Bd6 11. f3 Qh4 12. fxe4 Qxh2+ 13. Kf1 Bg3 14. exd5+
Kd8 15. Be3 Bxe1 16. Qxe1 Re8 17. Nf3 Qh5 18. Qd2 Ne5 19. Nxe5 Rxe5 20. d6 Kd7
21. dxc7+ Rd5 22. Qe2 Qh1+ 23. Kf2 Rf5+ 24. Kg3 Re8 25. Qd3+ Kxc7 26. Qc4+ Kb8
0-1

[Event "TE.2005.S.02001"]
[Site "IECG"]
[Date "2007.12.08"]
[Round "1"]
[White "Wheeler, James"]
[Black "Reede, Arvo"]
[Result "1-0"]
[WhiteElo "1988"]
[BlackElo "1087"]
[PlyCount "69"]
[EventDate "2007.??.??"]

1. e4 e5 2. Nf3 Nc6 3. c3 Nf6 4. d4 Nxe4 5. d5 Nb8 6. Nxe5 Qe7 7. Qd4 Nxc3 8.
Nxc3 d6 9. f4 f6 10. Bb5+ Nd7 11. O-O dxe5 12. fxe5 fxe5 13. Qg4 h6 14. Qh5+
Kd8 15. Rf7 Qe8 16. Ne4 Nf6 17. Bxe8 Nxh5 18. Rxf8 Rxf8 19. Bxh5 Bf5 20. Ng3
Bd3 21. Bd2 a5 22. Bc3 g6 23. Bf3 Re8 24. Re1 a4 25. a3 h5 26. Ne4 Bxe4 27.
Rxe4 Kd7 28. Bxe5 Re7 29. Bc3 Rxe4 30. Bxe4 g5 31. Bb4 Re8 32. Bc2 Re5 33.
Bxa4+ Kd8 34. Bb3 Rf5 35. g3 1-0

[Event "TE.2005.S.02001"]
[Site "IECG"]
[Date "2007.12.08"]
[Round "1"]
[White "Reede, Arvo"]
[Black "Pedro, Fernando Pablo"]
[Result "0-1"]
[WhiteElo "1087"]
[BlackElo "1963"]
[PlyCount "106"]
[EventDate "2007.??.??"]

1. e4 e5 2. Nf3 Nc6 3. c3 Nf6 4. d4 Nxe4 5. d5 Nb8 6. Bd3 Nc5 7. Nxe5 Nxd3+ 8.
Nxd3 d6 9. O-O Be7 10. Qf3 O-O 11. Re1 Nd7 12. Nd2 Nf6 13. h3 Re8 14. Nb3 Bd7
15. Na5 Qc8 16. Nb4 Bf5 17. Bg5 Be4 18. Qf4 Bg6 19. Qc4 Rb8 20. Re2 Qf5 21.
Bxf6 Bxf6 22. Qxc7 Be5 23. Rae1 Qg5 24. Re3 h6 25. Qc4 f5 26. Qf1 f4 27. R3e2
f3 28. Re3 Bf4 29. Rxf3 Bh5 30. h4 Qf5 31. Ree3 Rxe3 32. Rxe3 Bxe3 33. fxe3 Qe4
34. Qd3 Qxh4 35. Qd4 Qe1+ 36. Kh2 Bg6 37. Nd3 Bxd3 38. Qxd3 Qh4+ 39. Kg1 Rf8
40. Qe2 Qe4 41. b3 Qxd5 42. Qc4 Qxc4 43. Nxc4 d5 44. Nd2 Re8 45. Kf2 Rc8 46.
Nb1 Kf7 47. Ke2 Ke6 48. Kd3 Rf8 49. Ke2 g5 50. Nd2 g4 51. c4 h5 52. cxd5+ Kxd5
53. Nf3 gxf3+ 0-1

[Event "TE.2005.S.02001"]
[Site "IECG"]
[Date "2007.12.08"]
[Round "1"]
[White "Candelario, Jose"]
[Black "Sadowski, Marek"]
[Result "0-1"]
[WhiteElo "1360"]
[BlackElo "2040"]
[PlyCount "51"]
[EventDate "2007.??.??"]
[SourceTitle "OM Corr 202003"]
[Source "Opening Master"]
[SourceDate "2019.05.30"]
[SourceVersion "2"]
[SourceVersionDate "2019.05.30"]
[SourceQuality "1"]

1. e4 e5 2. Nf3 Nc6 3. c3 d5 4. Qa4 f6 5. d3 Be6 6. Be2 Nge7 7. O-O a6 8. Be3
Qd7 9. Nbd2 O-O-O 10. Nb3 Ng6 11. g3 h5 12. h4 Qf7 13. Nc5 Bh3 14. Rfe1 Nf4 15.
Bxf4 Bxc5 16. exd5 Qxd5 17. Be3 Bxe3 18. fxe3 Kb8 19. Kh2 Bg4 20. Kg2 g5 21.
hxg5 fxg5 22. Qc4 Qd7 23. Nxg5 Rdg8 24. Bxg4 hxg4 25. Ne4 Rh2+ 26. Kxh2 0-1

[Event "TE.2005.S.02001"]
[Site "IECG"]
[Date "2007.12.08"]
[Round "1"]
[White "Reede, Arvo"]
[Black "Sadowski, Marek"]
[Result "0-1"]
[WhiteElo "1087"]
[BlackElo "2040"]
[PlyCount "74"]
[EventDate "2007.??.??"]

1. e4 e5 2. Nf3 Nc6 3. c3 d5 4. Qa4 f6 5. d3 Be6 6. Be3 Nh6 7. Bxh6 gxh6 8.
Nbd2 a6 9. d4 b5 10. Qb3 exd4 11. Nxd4 Nxd4 12. cxd4 Qd7 13. Be2 dxe4 14. Nxe4
O-O-O 15. Nxf6 Qe7 16. Qf3 Kb8 17. O-O Bg7 18. Nh5 Bxd4 19. Nf4 Bc8 20. a4 Bb7
21. Qb3 Qe4 22. Bf3 Qxf4 23. Bxb7 Kxb7 24. axb5 a5 25. Rxa5 Qe4 26. Raa1 Rhg8
27. Qh3 Rdf8 28. Rad1 Rxf2 29. Rxf2 Bxf2+ 30. Kh1 Rg5 31. Ra1 Bd4 32. b6 Bxb6
33. Qf3 Qxf3 34. gxf3 Bd4 35. Rb1 Be5 36. b4 Rh5 37. Re1 Bxh2 0-1

[Event "TE.2005.S.02001"]
[Site "IECG"]
[Date "2007.12.08"]
[Round "1"]
[White "Bertel, Michael"]
[Black "Sadowski, Marek"]
[Result "0-1"]
[WhiteElo "1808"]
[BlackElo "2040"]
[PlyCount "82"]
[EventDate "2007.??.??"]
[SourceTitle "OM Corr 202003"]
[Source "Opening Master"]
[SourceDate "2019.05.30"]
[SourceVersion "2"]
[SourceVersionDate "2019.05.30"]
[SourceQuality "1"]

1. e4 e5 2. Nf3 Nc6 3. c3 d5 4. d4 dxe4 5. Nxe5 Nxe5 6. dxe5 Qxd1+ 7. Kxd1 Bf5
8. Be3 O-O-O+ 9. Nd2 Ne7 10. f3 exf3 11. gxf3 Ng6 12. f4 f6 13. exf6 gxf6 14.
h4 Bd6 15. Bh3 Nxh4 16. Ke2 Bxh3 17. Rxh3 Ng2 18. Ne4 Bxf4 19. Bxa7 b6 20. Rg1
Rhe8 21. Kf3 Rd3+ 22. Kxg2 Rxh3 23. Kxh3 Rxe4 24. Rg7 Re2 25. Rg2 Rxg2 26. Kxg2
Kb7 27. Bxb6 Kxb6 28. Kf3 Bc1 29. b3 Bb2 30. c4 Kc5 31. Kg4 Kb4 32. c5 Kxc5 33.
Kf4 Kb4 34. Ke4 Ka3 35. b4 Kxb4 36. Kd3 c5 37. Kc2 Be5 38. Kd2 c4 39. Ke3 Ka3
40. Kd2 Kb2 41. Ke2 c3 0-1

[Event "TE.2005.S.02002"]
[Site "IECG"]
[Date "2007.12.08"]
[Round "1"]
[White "Speisser, Patrick"]
[Black "Pott, Brian"]
[Result "1-0"]
[WhiteElo "2083"]
[BlackElo "1941"]
[PlyCount "85"]
[EventDate "2007.12.08"]
[EventType "tourn (corr)"]
[SourceTitle "OM Corr 202003"]
[Source "Opening Master"]
[SourceDate "2019.05.30"]
[SourceVersion "2"]
[SourceVersionDate "2019.05.30"]
[SourceQuality "1"]

1. e4 e5 2. Nf3 Nc6 3. c3 Nf6 4. d4 Nxe4 5. d5 Ne7 6. Nxe5 Ng6 7. Nxg6 hxg6 8.
Bd3 Nf6 9. O-O Bd6 10. Re1+ Kf8 11. g3 Nxd5 12. Bxg6 Nf6 13. Bd3 Bc5 14. Nd2 d5
15. Nb3 Bg4 16. Be2 Bxe2 17. Qxe2 Bb6 18. Bg5 Qd6 19. Bxf6 Qxf6 20. Rad1 c6 21.
Nd4 Bc5 22. b4 Bd6 23. Rd3 Kg8 24. Rf3 Qg6 25. Nf5 Bf8 26. Kg2 b5 27. h3 Qh5
28. Ne7+ Bxe7 29. g4 Qg6 30. Qxe7 a6 31. Re5 Rh6 32. Qd7 Rf8 33. Re8 Rxe8 34.
Qxe8+ Kh7 35. Rxf7 Qd3 36. Rf3 Qg6 37. Qe2 Rh5 38. Rf8 Rh6 39. f4 Qe4+ 40.
Qxe4+ dxe4 41. g5 Rd6 42. f5 g6 43. f6 1-0